MARC details
| 000 -LEADER |
| fixed length control field |
01613nam a2200325 a 4500 |
| 008 - FIXED-LENGTH DATA ELEMENTS--GENERAL INFORMATION |
| fixed length control field |
060316s1997 ||||||||||||||||| || u |
| 020 ## - INTERNATIONAL STANDARD BOOK NUMBER |
| International Standard Book Number |
0750634243 |
| 050 ## - LIBRARY OF CONGRESS CALL NUMBER |
| Classification number |
HV 1555 Vis |
| 100 ## - MAIN ENTRY--PERSONAL NAME |
| Personal name |
Carr, Tony |
| 245 10 - TITLE STATEMENT |
| Title |
Visibly different : coping with disfigurement |
| 260 ## - PUBLICATION, DISTRIBUTION, ETC. (IMPRINT) |
| Place of publication, distribution, etc |
Oxford ;Boston : |
| Name of publisher, distributor, etc |
Butterworth-Heinemann |
| Date of publication, distribution, etc |
1997 |
| 300 ## - PHYSICAL DESCRIPTION |
| Extent |
xi, 254 p. |
| 350 ## - |
| -- |
0.00 |
| 500 ## - GENERAL NOTE |
| General note |
Includes bibliographical references and index. |
| 650 ## - SUBJECT ADDED ENTRY--TOPICAL TERM |
| Topical term or geographic name as entry element |
BODY IMAGE |
| 650 ## - SUBJECT ADDED ENTRY--TOPICAL TERM |
| Topical term or geographic name as entry element |
ABNORMALITIES, HUMAN--PSYCHOLOGICAL ASPECTS |
| 650 ## - SUBJECT ADDED ENTRY--TOPICAL TERM |
| Topical term or geographic name as entry element |
DISFIGURED PERSONS--COUNSELING |
| 650 ## - SUBJECT ADDED ENTRY--TOPICAL TERM |
| Topical term or geographic name as entry element |
ABNORMALITIES--REHABILITATION |
| 650 ## - SUBJECT ADDED ENTRY--TOPICAL TERM |
| Topical term or geographic name as entry element |
TEXTBOOKS |
| 650 ## - SUBJECT ADDED ENTRY--TOPICAL TERM |
| Topical term or geographic name as entry element |
ADAPTATION, PSYCHOLOGICAL |
| 650 ## - SUBJECT ADDED ENTRY--TOPICAL TERM |
| Topical term or geographic name as entry element |
DISFIGURED PERSONS |
| 700 ## - ADDED ENTRY--PERSONAL NAME |
| Personal name |
Partridge, James |
| 700 ## - ADDED ENTRY--PERSONAL NAME |
| Personal name |
Bradbury, Eileen |
| 700 ## - ADDED ENTRY--PERSONAL NAME |
| Personal name |
Lansdown, Richard |
| 995 ## - RECOMMENDATION 995 [LOCAL, UNIMARC FRANCE] |
| -- |
0.00 |
| -- |
CBU-MAIN LIBRARY (Kitwe) |
| -- |
3 |
| -- |
18.50 |
| -- |
3 |
| -- |
AVAILABLE |
| -- |
Annex Low-Usage Collection |
| 995 ## - RECOMMENDATION 995 [LOCAL, UNIMARC FRANCE] |
| -- |
0.00 |
| -- |
CBU-MAIN LIBRARY (Kitwe) |
| -- |
1 |
| -- |
18.50 |
| -- |
1 |
| -- |
AVAILABLE |
| -- |
Annex Low-Usage Collection |
| 995 ## - RECOMMENDATION 995 [LOCAL, UNIMARC FRANCE] |
| -- |
0.00 |
| -- |
CBU-MAIN LIBRARY (Kitwe) |
| -- |
2 |
| -- |
18.50 |
| -- |
2 |
| -- |
AVAILABLE |
| -- |
Annex Low-Usage Collection |
| 995 ## - RECOMMENDATION 995 [LOCAL, UNIMARC FRANCE] |
| -- |
0.00 |
| -- |
CBU-MAIN LIBRARY (Kitwe) |
| -- |
4 |
| -- |
18.50 |
| -- |
4 |
| -- |
AVAILABLE |
| -- |
Annex Low-Usage Collection |
| 995 ## - RECOMMENDATION 995 [LOCAL, UNIMARC FRANCE] |
| -- |
0.00 |
| -- |
CBU-MAIN LIBRARY (Kitwe) |
| -- |
5 |
| -- |
18.50 |
| -- |
5 |
| -- |
AVAILABLE |
| -- |
Annex Low-Usage Collection |